Amy's diary: (Record no. 50327)
| 000 -LEADER | |
|---|---|
| fixed length control field | 00435nam a2200133 4500 |
| 020 ## - INTERNATIONAL STANDARD BOOK NUMBER | |
| International Standard Book Number | 9781545802144 |
| 100 ## - MAIN ENTRY--PERSONAL NAME | |
| Personal name | Desjardins, India. |
| 9 (RLIN) | 87330 |
| 245 ## - TITLE STATEMENT | |
| Title | Amy's diary: |
| Remainder of title | space alien...almost? |
| Statement of responsibility, etc | India Desjardins. Adaptation by Veronique Grisseaux. |
| 260 ## - PUBLICATION, DISTRIBUTION, ETC. (IMPRINT) | |
| Place of publication, distribution, etc | New York: |
| Name of publisher, distributor, etc | CharmZ; |
| Date of publication, distribution, etc | 2019. |
| 300 ## - PHYSICAL DESCRIPTION | |
| Extent | 81 p. |
| Other physical details | col. ill. |
| Dimensions | 23 cm. |
| 490 ## - SERIES STATEMENT | |
| Series statement | Amy's diary; Bk.1; |
| 700 ## - ADDED ENTRY--PERSONAL NAME | |
| Relator code | illustrator. |
| Personal name | Laetitia Aynie. |
| 9 (RLIN) | 87331 |
| 942 ## - ADDED ENTRY ELEMENTS (KOHA) | |
| Source of classification or shelving scheme | |
| Koha item type | Books/GRAPHICS |
| Withdrawn status | Lost status | Source of classification or shelving scheme | Damaged status | Not for loan | Collection code | Home library | Current library | Date acquired | Total Checkouts | Full call number | Barcode | Checked out | Date last seen | Date checked out | Price effective from | Koha item type |
|---|---|---|---|---|---|---|---|---|---|---|---|---|---|---|---|---|
| SECONDARY | Asian Hope Secondary Library | Asian Hope Secondary Library | 03/26/2026 | 1 | J GRAPHIX DES BK.1 | 210996 | 05/05/2026 | 04/28/2026 | 04/28/2026 | 03/26/2026 | Books/GRAPHICS |